000 00708nas a2200229 4500
001 BR2010005014
003 BR-BrBNA
005 20231205114327.0
007 ta
008 230509b bl.|||p| |||| 00| 00por d
040 _aBR-BrBNA
_bpor
_cBiblioteca Nacional de Agricultura
041 _a(En)
072 _aL73
100 1 _aVillareal, L.Y.B.
245 1 _aDiagnosis of infectious bronchitis: an overwiew of concepts and tools
650 _aGALINHA
650 _aBRONQUITE
650 _aEPIDEMIOLOGIA
773 0 _tBrazilian Journal of Poultry Science (Brazil)
_xISSN 1516-635X
_g(Apr-Jun 2010), v.12(2) p. 111-114
_wBR2010005014
909 _a202311
_bLúcia
_c55
_dLúcia Elande
942 _2AGRIS
_n0
_cANA
999 _c208248
_d208248